Normal view
MARC view
- Ucko, David H
Entry Personal Name
001 - CONTROL NUMBER
- control field: 106132
003 - CONTROL NUMBER IDENTIFIER
- control field: NUST
005 - DATE AND TIME OF LATEST TRANSACTION
- control field: 20221227190424.0
008 - FIXED-LENGTH DATA ELEMENTS
- fixed length control field: 221227|| aca||aabn | a|a d
040 ## - CATALOGING SOURCE
- Original cataloging agency: NUST
- Transcribing agency: NUST
100 ## - HEADING--PERSONAL NAME
- Personal name: Ucko, David H
670 ## - SOURCE DATA FOUND
- Source citation: Work cat.: (NUST)0: Ucko, David H., Counterinsurgency in crisis :
